Feminism and deconstruction/ (Record no. 14523)

000 -LEADER
fixed length control field 00384nam a22001571a 4500
020 ## - INTERNATIONAL STANDARD BOOK NUMBER
ISBN 9780415091664
082 ## - DEWEY DECIMAL CLASSIFICATION NUMBER
Classification number 305.420 1
Item number DIA/F
100 ## - MAIN ENTRY--AUTHOR NAME
Personal name Diane Elam
245 ## - TITLE STATEMENT
Title Feminism and deconstruction/
Statement of responsibility, etc by Diane Elam
260 ## - PUBLICATION, DISTRIBUTION, ETC. (IMPRINT)
Place of publication London:
Name of publisher Routledge,
Year of publication 1994.
300 ## - PHYSICAL DESCRIPTION
Number of Pages 154p.
650 ## - SUBJECT ADDED ENTRY--TOPICAL TERM
Topical Term Feminist Theory
650 ## - SUBJECT ADDED ENTRY--TOPICAL TERM
Topical Term Deconstruction
650 ## - SUBJECT ADDED ENTRY--TOPICAL TERM
Topical Term Social Sciences
942 ## - ADDED ENTRY ELEMENTS (KOHA)
Koha item type Book
Holdings
Withdrawn status Lost status Damaged status Not for loan Permanent Location Current Location Date acquired Cost, normal purchase price Full call number Accession Number Cost, replacement price Price effective from Koha item type
        Sree Sankaracharya University of Sanskrit Sree Sankaracharya University of Sanskrit 08.01.2015 839.30 305.420 1 DIA/F 034766 0.00 08.01.2015 Book
        Sree Sankaracharya University of Sanskrit Sree Sankaracharya University of Sanskrit 08.01.2015 839.30 305.420 1 DIA/F 010291 0.00 08.01.2015 Book